000 00743cam a2200241 a 4500
999 _c3724
_d3724
001 3770103
003 OSt
005 20220203073227.0
008 840525s1983 enka b 001 0 eng
010 _a 83042800
020 _a0723606382
040 _aDLC
_cDLC
_dDLC
050 0 0 _aRD731
_b.P67 1983
082 0 0 _a617/.3
_219
245 0 0 _aPostgraduate textbook of clinical orthopaedics /
_cedited by Nigel H. Harris ; with a foreword by F.E. Stinchfield.
260 _aBristol ;
_aBoston :
_bWright,
_cc1983.
300 _axvii, 1028 p. :
_bill. ;
_c28 cm.
504 _aIncludes bibliographies and index.
650 0 _aOrthopedics.
700 1 _aHarris, Nigel H.
906 _a7
_bcbc
_corignew
_d3
_eocip
_f19
_gy-gencatlg
942 _2lcc
_cBK